000 00293nam a22001217a 4500
041 _aENG
100 _aJain M.L
245 _aAgriculture Question Bank With Answers
260 _aDelhi
_bJain Brothers
_c2003
300 _a56
650 _aCompetitive Exam
856 _uCompetitive Exam ( 35 )
999 _c885
_d885